| 000 | 00949cam a22002777i 4500 | ||
|---|---|---|---|
| 999 |
_c64127 _d64127 |
||
| 001 | 19345767 | ||
| 003 | OSt | ||
| 005 | 20240530110716.0 | ||
| 008 | 161024t20162016ua a b 000 0 eng d | ||
| 020 | _a9774167503 | ||
| 020 | _a9789774167508 | ||
| 040 |
_aYDXCP _beng _cYDXCP _dBDX _dBTCTA _dOCLCQ _dOCLCO _dOCLCF _dYDX _dORC _dMEAUC _dDLC _erda |
||
| 082 | 0 | 4 |
_221 _a932.023 _bC C\A S |
| 245 | 0 | 0 |
_aStudies in Coptic culture : _btransmission and interaction / _cedited by Mariam F. Ayad. |
| 264 | 1 |
_aCairo : _bAmerican University In Cairo Press, _c[2016] |
|
| 264 | 4 | _c©2016 | |
| 300 |
_axii, 220 pages : _billustrations ; _c24 cm |
||
| 336 |
_atext _btxt _2rdacontent |
||
| 337 |
_aunmediated _bn _2rdamedia |
||
| 338 |
_avolume _bnc _2rdacarrier |
||
| 504 | _aIncludes bibliographical references (pages 199-220). | ||
| 650 | 0 |
_aCopts _xHistory. |
|
| 651 | 0 |
_aEgypt _xReligion _y332 B.C.-640 A.D. |
|
| 700 | 1 |
_aAyad, Mariam F., _eeditor. |
|
| 942 |
_2ddc _cBK |
||